| 000 | 00392 a2200133 4500 | ||
|---|---|---|---|
| 001 | 87845 | ||
| 082 | _aPR 222 | ||
| 090 |
_c41307 _d41307 |
||
| 100 | _aArsalan Arif, Plt Off | ||
| 245 | _aCFD analysis of mirage aircraft for performance evaluation using the finite element model | ||
| 260 |
_aRisalpur _bNUST Risalpur _c2008 |
||
| 300 |
_axii, 88p. _eOmar Ameen |
||
| 500 | _aBE Project Reports | ||
| 942 |
_aCAE NUST _kPR 222 |
||
| 999 |
_c322918 _d322918 |
||